| 000 | 00557nam a2200229 a 4500 | ||
|---|---|---|---|
| 005 | 20240807063747.0 | ||
| 008 | 991125 mx 000 0 spa u | ||
| 020 | _a968419565 | ||
| 035 | _aUPN01000025110 | ||
| 049 | _aI | ||
| 050 | 4 |
_aQA453 S9.3 _b1991 |
|
| 100 | 1 | _aSuárez, Maribel | |
| 245 | 1 | 4 | _aLas formas |
| 260 |
_aMéxico : _bGrijalbo |
||
| 300 |
_a6 h. : _bil. col |
||
| 440 | 0 | _aAlbores | |
| 650 | 4 |
_aGeometría _95328 |
|
| 902 | _aMEM MARIA ELENA MARTINEZ | ||
| 902 | _aGUADALUPE SANCHEZ | ||
| 904 |
_aAC _b025111 |
||
| 905 | _aInfantil | ||
| 999 |
_c25110 _d25110 |
||